[Event "US Masters op"]
[Site "Greensboro"]
[Date "2017.08.26"]
[Round "6"]
[White "Hevia Alejano, Carlos Antonio"]
[Black "Tiglon, Bryce"]
[Result "1-0"]
[WhiteElo "2497"]
[BlackElo "2395"]
[Annotator "Hevia,C"]
[PlyCount "41"]
[EventDate "2017.08.23"]
[EventType "swiss"]
[EventRounds "9"]
[EventCountry "USA"]
[SourceTitle "CBM 183"]
[Source "ChessBase"]
[SourceDate "2018.03.14"]
[SourceVersion "1"]
[SourceVersionDate "2018.03.14"]
[SourceQuality "1"]

{After some training, I found positions arising from the English Opening very
interesting, so I decided to start all my games with White in this tournament
with c4.} 1. c4 e5 2. Nc3 Nf6 3. Nf3 Nc6 4. g3 d5 5. cxd5 Nxd5 6. Bg2 Bc5 {
This move has become very popular recently. I was more comfortable playing
against other setups, but anyway I had reviewed this line before the game.} 7.
O-O O-O 8. Nxd5 Qxd5 9. Ng5 {Following the game Aronian-Caruana played a few
days earlier.} Qd4 $6 {This simply loses several tempi and leaves the
initiative in White's hands.} (9... Qc4 {may be playable but there is no need
to go for it:} 10. d3 Qg4 11. Qc2 Bb6 12. Bxc6 bxc6 13. Qxc6 {Black has to
find the way to prove there is sufficient compensation for the pawn.}) (9...
Qd8 10. Nxh7 Re8 11. Ng5 Qxg5 12. Bxc6 bxc6 13. d4 Qh5 14. dxc5 {Although,
Caruana eventually lost the game to Aronian, Black had enough compensation for
the pawn.}) 10. Qc2 {Forcing weaknesses on the kingside and putting pressure
on the c-file.} g6 11. d3 {As I was threatening Be3, I thought a retreat of
the bishop was a logical continuation, but engines suggest an alternative
continuation with ...Nb4.} Bb6 {It's logical but after the g6 move the dark
squares in the castled position became very weak, so it was necessary to keep
the bishop on the kingside.} (11... Be7 12. Bxc6 bxc6 13. Qxc6 Rb8 14. Nf3 Qd6
15. Qc3 $16) (11... Nb4 12. Qb3 Be7 13. Bd2 {White maintains a small edge, for
instance:} c6 14. a3 Na6 15. Nf3 Qd6 16. Rac1) 12. Bxc6 bxc6 13. Qxc6 Rb8 ({
It was necessary to trade the dangerous white knight.} 13... Bf5 14. Ne4 Bxe4
15. Qxe4 Qxe4 16. dxe4 Rfd8 {, with some drawish chances.}) 14. Ne4 $1 $18 {
The position is already lost for Black; the dark squares around the king are
too weak to be able to seek for any compensation for the pawn.} f5 {Trying to
create some counterplay.} (14... Be6 15. Bh6 Rfd8 16. b3 {Black's position is
hopeless.}) 15. Be3 Qd8 (15... Qxb2 16. Qd5+ Kh8 17. Rfb1 Bb7 18. Qe6 $18) 16.
Bg5 Qd4 17. e3 {White wants to take the e5-pawn.} Qxb2 (17... Qxd3 {would open
the d-file for the rooks.} 18. Nf6+ Kh8 19. Rad1 Qe2 20. Bh6 $18) 18. Qd5+ Kg7
19. Rab1 c6 20. Qd6 Qxa2 21. Bh6+ 1-0

[Event "EU-chT (Men) 10th"]
[Site "Debrecen"]
[Date "1992.11.??"]
[Round "3.1"]
[White "Hjartarson, Johann"]
[Black "Lobron, Eric"]
[Result "1/2-1/2"]
[WhiteElo "2580"]
[BlackElo "2575"]
[Annotator "Hjartarson,J"]
[PlyCount "120"]
[EventDate "1992.11.20"]
[EventType "team-swiss"]
[EventRounds "9"]
[EventCountry "HUN"]
[SourceTitle "EU-chT"]
[Source "ChessBase"]
[SourceDate "1999.07.01"]
[SourceVersion "2"]
[SourceVersionDate "1999.07.01"]
[SourceQuality "1"]
[WhiteTeam "Iceland"]
[BlackTeam "Germany"]
[WhiteTeamCountry "ISL"]
[BlackTeamCountry "GER"]

1. c4 e5 2. Nc3 Nf6 3. g3 d5 4. cxd5 Nxd5 5. Bg2 Nb6 6. Nf3 Nc6 7. O-O Be7 8.
a3 O-O 9. b4 Be6 10. d3 Nd4 11. Bb2 Nxf3+ 12. Bxf3 c6 13. Ne4 Nd7 14. Qc2 (14.
Bc3 $5 Bd5 15. Nd2 Bxf3 16. Nxf3 Bd6 17. e4 $1 Re8 18. Nh4 $14 {Razuvaev,
Y-Stohl,I BL91-92 1992}) 14... Bd5 15. Nd2 Rc8 (15... Bxf3 16. Nxf3 Bd6 (16...
Bf6 $6 17. Rad1 Qe7 18. d4 $5 (18. e4 $14) 18... exd4 19. Nxd4 g6 20. Rd3 Rfe8
21. Rfd1 Ne5 22. Re3 Rf8 23. Nb3 $14 {Speelman,J-Chandler,M Hastings 1988}) 17.
Nd2 (17. Bc3 $5 Qe7 18. e4 $14) (17. d4 $6 Re8 18. dxe5 Nxe5 19. Nd4 Bf8 $10 {
Salov,V-Khalifman,A Reykjavik WCup 1991}) 17... Qe7 18. Ne4 Rae8 19. Nxd6 Qxd6
20. a4 f5 $13 {Kasparov,G-Salov,V URS-55ch Moscow 1988}) 16. Rad1 (16. e4 Be6
17. Nc4 Qc7 (17... f6 $6 18. Qe2 a6 19. Bg4 $14) 18. Bc3 b5 19. Ne3 c5 $10)
16... Bxf3 17. Nxf3 c5 (17... Bd6 18. Bc3 Qe7 19. Qb2 $14) 18. b5 Bd6 19. Nd2
Qe7 20. Nc4 (20. e4 f6 21. Nc4 $16) 20... f5 21. Nxd6 Qxd6 22. e3 Qe6 23. a4 c4
24. Ba3 (24. dxc4 $2 Rxc4 25. Qd2 Nc5 $15) 24... Rf7 25. dxc4 f4 (25... Qxc4
26. Qxc4 Rxc4 27. Rc1 $1 Rxa4 28. Rc8+ Nf8 29. Bd6 $146) 26. exf4 exf4 27. Rfe1
Qh3 28. Qe2 h5 (28... f3 $2 29. Qf1 Qxf1+ 30. Kxf1 Rxc4 31. Re8+ Nf8 32. Rdd8
$18) 29. Qe6 Qxe6 30. Rxe6 Rxc4 31. a5 Nf6 (31... Ra4 $10) 32. Bb2 Ne4 33. Bd4
Nc5 34. Re8+ Kh7 35. Be5 fxg3 (35... f3 36. h3 $13) 36. hxg3 Re4 37. Rdd8 Nd7
38. Rh8+ (38. Bc3 $1 Ra4 (38... Rxe8 39. Rxe8 Nc5 40. Bd4 b6 41. Re5 $16) (
38... Rc4 39. Rc8 $1 Nc5 40. Bd2 b6 41. Be3 $16) 39. Ra8 $14) 38... Kg6 39. Bf4
Ra4 40. Bd2 Ra2 41. Be1 Nf6 42. Rd6 Rb2 43. Ra8 Rb1 44. Re6 Kf5 45. Re2 b6 46.
axb6 axb6 47. Kg2 Rc7 (47... Rxb5 $15) 48. Ra3 Rcc1 49. Bc3 Rg1+ 50. Kf3 Rxb5
51. Re7 Rgb1 52. Ke2 (52. Rxg7 $2 R5b3 53. Rxb3 Rxb3 54. Rc7 Nd5 $19) 52...
R1b3 53. Rxb3 Rxb3 54. Re5+ Kg6 55. Kd3 Ng4 (55... Rb1 56. Kc2 Rf1 57. Bd4 $10)
56. Re7 Nxf2+ 57. Kc2 Rxc3+ 58. Kxc3 Nh1 59. Kd2 Nxg3 60. Ke1 Nf5 (60... h4 61.
Kf2 $10) 1/2-1/2

[Event "Interpolis-03"]
[Site "Tilburg"]
[Date "1979.11.11"]
[Round "8"]
[White "Larsen, Bent"]
[Black "Romanishin, Oleg M"]
[Result "1/2-1/2"]
[WhiteElo "2620"]
[BlackElo "2560"]
[Annotator "Joksic,S"]
[PlyCount "125"]
[EventDate "1979.11.01"]
[EventType "tourn"]
[EventRounds "11"]
[EventCountry "NED"]
[EventCategory "15"]
[SourceTitle "MCL"]
[Source "ChessBase"]
[SourceDate "1999.07.01"]
[SourceVersion "1"]
[SourceVersionDate "1999.07.01"]
[SourceQuality "1"]

1. g3 e5 2. c4 Nf6 3. Bg2 Nc6 4. Nc3 g6 5. Nf3 Bg7 6. d4 (6. d3 O-O 7. O-O d6
8. Rb1 a5 9. a3 Re8 10. b4 axb4 11. axb4 Nd4 12. Nd2 c6 $10) 6... exd4 7. Nxd4
O-O 8. O-O Re8 9. Nxc6 dxc6 $1 (9... bxc6) 10. Qb3 (10. Qxd8 Rxd8 11. Bf4 Ne8
12. Rac1 a5) 10... Qe7 11. Bf4 a5 $1 12. Rfd1 Ng4 13. Rac1 h6 14. h3 Ne5 15.
Nb1 a4 (15... Qb4) 16. Qa3 Qxa3 17. Nxa3 Be6 18. Kf1 $6 (18. Be3) 18... g5 19.
Be3 Red8 20. Rxd8+ Rxd8 21. b3 Ng6 (21... Ra8 22. b4 Ng6 23. Nb1 $2 (23. Rb1
Ne5 $10) 23... Bb2 $17) 22. Nb1 Bb2 23. Re1 b5 $1 24. Bc1 (24. Bxc6 bxc4 25.
Bxa4 (25. bxc4 a3 $15 {><c4, a2}) 25... c3 $17) 24... Bg7 25. Bxc6 axb3 (25...
bxc4 26. Bxa4) 26. axb3 bxc4 27. bxc4 Bf5 $1 (27... Ne5) (27... Bxh3+) (27...
Bxc4) 28. Be3 Ne5 29. Bd5 c6 30. Bg2 Nxc4 31. g4 (31. Bxc6 $2 Rb8 $1 32. Nd2
Nxe3+ 33. fxe3 Bc3 34. g4 Bxd2 35. Rd1 Rb1 $1 $19) 31... Bg6 32. Bxc6 Rb8 33.
Nd2 Nxe3+ 34. fxe3 Bc3 35. Nf3 (35. Rd1 $2 Rd8 36. Ke1 Bc2 $19) 35... Bxe1 36.
Kxe1 Kg7 37. Kf2 f5 38. Nd4 Kf6 39. Bf3 (39. gxf5 Bxf5 40. Nxf5 Kxf5 41. Bf3
$10) 39... Rd8 (39... fxg4 40. hxg4 Re8 {/\Le4}) 40. gxf5 Bxf5 41. Nxf5 $1 Kxf5
42. Kg3 $10 Re8 (42... Kg6 43. e4 $2 (43. h4 $1 $10) 43... h5 $1 $17) 43. e4+
Kg6 44. h4 $1 Re7 45. Kh3 Kf6 46. hxg5+ Kxg5 47. Kg3 Rg7 48. Bg4 Ra7 49. Bf3
Ra1 50. Bg2 Rc1 51. Bf3 Rc3 52. Kh3 Kf4 53. Kh4 Rc5 54. Kh3 Rg5 55. Kh4 Rg3 56.
Bh1 $1 Rg1 57. Bf3 Rg5 58. Kh3 Ke5 59. Kh4 Kf6 60. Kh3 Kg6 61. Kh4 Rg1 62. Bh5+
Kf6 63. Bf3 1/2-1/2

[Event "Grenke Chess Classic 5th"]
[Site "Karlsruhe/Baden-Baden"]
[Date "2018.04.07"]
[Round "7"]
[White "Vachier Lagrave, Maxime"]
[Black "Caruana, Fabiano"]
[Result "0-1"]
[WhiteElo "2789"]
[BlackElo "2784"]
[Annotator "Kasimdzhanov,R"]
[PlyCount "72"]
[EventDate "2018.03.31"]
[EventType "tourn"]
[EventRounds "9"]
[EventCountry "GER"]
[EventCategory "20"]
[SourceTitle "CBM 184"]
[Source "ChessBase"]
[SourceDate "2018.05.16"]
[SourceVersion "1"]
[SourceVersionDate "2018.05.16"]
[SourceQuality "1"]

{Before this game there was a three-way tie for first: Fabi was on plus 2, as
well as Maxime Vachier-Lagrave and Nikita Vitiugov.} 1. c4 {Clearly, not the
move you'd expect from Maxime, but I guess by now he was tired of facing
Petroff.} e5 2. Nc3 Nf6 3. Nf3 Nc6 4. g3 Bb4 {This came as something of a
surprise for MVL, who mainly expected} (4... d5 5. cxd5 Nxd5 6. Bg2 Bc5 {
as Fabi played in the famous game against Vishy Anand in 2017, where after an
equal opening Vishy played a tactical masterpiece and won:} 7. O-O O-O 8. d3
Bb6 9. Bd2 Bg4 10. Rc1 Nxc3 11. Bxc3 Re8 12. b4 Qd6 13. Nd2 Qh6 14. Nc4 Qh5 15.
Rc2 Rad8 16. Nxb6 cxb6 17. f3 Be6 18. Qd2 b5 19. f4 Bg4 20. Bxc6 bxc6 21. fxe5
f6 22. exf6 Rxe2 23. f7+ Kf8 24. Bxg7+ Kxg7 25. Qc3+ Re5 26. Qd4 Qg5 27. Rc5
Rxd4 28. f8=Q+ Kg6 29. Qf7+ {1-0 (29) Anand,V (2783)-Caruana,F (2807) Saint
Louis 2017}) 5. Bg2 O-O 6. O-O e4 7. Ng5 Bxc3 8. bxc3 Re8 {This position is
the starting point for an incredible number of high-class encounters. The
built-in conflict (2 bishops vs structural problems) seems to attract the best
minds :)} 9. Qc2 $5 {Side-stepping tons of theory; both players were on their
own from now on!} (9. f3 {is the most principled for sure:} exf3 (9... e3 $5 {
was Karpov's orignial idea} 10. d3 d5 11. Qb3 (11. Qa4 h6 12. cxd5 Nxd5 13. Ne4
f5 14. Nc5 f4 15. Bb2 Rb8 16. c4 Nde7 {with a tough fight in: 1/2-1/2 (50)
Svidler,P (2757)-Karjakin,S (2760) Moscow 2016}) 11... Na5 12. Qa3 c6 13. cxd5
cxd5 14. f4 Nc6 15. Rb1 Qc7 16. Bb2 Bg4 17. c4 dxc4 18. Bxf6 gxf6 19. Ne4 Kg7
20. dxc4 Rad8 21. Rb3 Nd4 22. Rxe3 Qxc4 23. Kh1 Nf5 24. Rd3 Bxe2 25. Rxd8 Rxd8
26. Re1 Re8 27. Qa5 b5 28. Nd2 Qd3 29. Nb3 Bf3 30. Bxf3 Qxf3+ 31. Kg1 Rxe1+ 32.
Qxe1 Ne3 {0-1 (32) Kasparov,G (2740)-Karpov,A (2700) Seville 1987}) 10. Nxf3 d5
11. d4 Ne4 (11... dxc4 12. Qc2 $1 {just like Kasparov!} h6 13. Bf4 Ne4 14. Rad1
Bf5 15. Ne5 Nd6 16. e4 Bh7 17. Qe2 Ne7 18. Bxh6 gxh6 19. Qh5 Nef5 20. exf5 Qg5
21. Qxg5+ hxg5 22. f6 Ne4 23. Rfe1 Nxc3 24. Rc1 Nb5 25. Bxb7 Rad8 26. Bc6 Nxd4
27. Bxe8 Rxe8 28. Kf2 Nc2 29. Red1 Be4 30. Nxc4 Re6 31. Rd8+ Kh7 32. Kg1 Rxf6
33. Rf1 {1-0 (33) Caruana,F (2794)-Anand,V (2762) Moscow 2016}) 12. Qc2 $1 dxc4
13. Rb1 f5 14. g4 Qe7 15. gxf5 Nd6 16. Ng5 Qxe2 17. Bd5+ Kh8 18. Qxe2 Rxe2 19.
Bf4 Nd8 20. Bxd6 cxd6 21. Rbe1 Rxe1 22. Rxe1 Bd7 23. Re7 Bc6 24. f6 {1-0 (24)
Kasparov,G (2760)-Ivanchuk,V (2625) Moscow 1988}) (9. d3 exd3 10. exd3 h6 11.
Ne4 b6 12. Rb1 Bb7 13. Nc5 Bc8 14. Nb3 Bb7 15. c5 Qc8 16. d4 Ne7 17. Re1 $6
Bxg2 18. Kxg2 Qa6 {was better for Black in 0-1 (36) Huebner,R (2580)
-Kasimdzhanov,R (2545) Bad Wiessee 1997}) 9... d5 $5 {Maybe not the easiest
move, but you just have to admire Fabi's readiness for an open fight!} (9...
Qe7 {is another way to play:} 10. d3 (10. f3 $2 Qc5+ $1) 10... exd3 11. exd3 h6
(11... b6) 12. Nf3 (12. Ne4 d6) 12... d6 13. Be3 Bf5 14. Nd4 (14. Rab1) 14...
Nxd4 15. cxd4 d5 $11) 10. cxd5 (10. Rb1 Bf5 (10... dxc4 11. Nxe4 Bf5 12. d3
cxd3 13. exd3 Ne5 $13) 11. cxd5 Qxd5 12. d3 exd3 13. Bxd5 dxc2 14. Bxf7+ Kh8
15. Rxb7 Rxe2 16. Bc4 Re7 17. Nf7+ Rxf7 18. Bxf7 Ne5 {and in fact White is
lucky to have a draw here:} 19. Rb5 $1 Nf3+ 20. Kg2 Be4 21. Bb3 Ne1+ $11) 10...
Qxd5 11. d3 Bf5 12. Bf4 {Not the most critical.} (12. Rb1 exd3 {transposes to
what we already saw.}) (12. Qb1 $5 {Black is in fact walking a tight rope here:
} Rab8 (12... b6 13. c4 Qa5 (13... Qd7 14. dxe4 Bg6 15. f3) 14. dxe4 Bd7 {
looks vague}) (12... Na5 13. c4 Qd7 14. Nxe4 Nxe4 15. dxe4 Bh3 16. Bxh3 Qxh3
17. Bf4 $14) 13. Bf4 h6 14. Nxe4 Nxe4 15. Rd1 $5 (15. Bxc7 Rbc8 16. Bf4 b6 17.
dxe4 Bxe4) 15... Nxc3 16. Bxd5 Nxb1 17. Rdxb1 Nd4 18. e4 Be6 19. Bxc7 Bxd5 20.
Bxb8 Rxb8 21. exd5 Nc2 {and this must be a draw.}) 12... h6 13. Nxe4 Nxe4 14.
Qb2 $5 {Trying to keep it complex.} (14. dxe4 Bxe4 15. Rfd1 Qe6 16. Bxe4 Qxe4
17. Qxe4 Rxe4 $11) 14... b6 15. Rfd1 Qc5 16. dxe4 Bxe4 17. Bf1 Re7 {We can
maybe draw the first conclusions: White kept his bishops, but his structure is
still weak and the black pieces are more active. White would like to exchange
queens to keep things under control.} 18. a4 (18. c4 $5 {with similar ideas 
(Qb5, but also Rac1-c3 at times) is probably better.}) 18... Rae8 {Very
natural, but in fact Black could be more ambitious with} (18... g5 $5 19. Be3
Qf5 20. Bd4 Ne5 {with the nasty threat of ...Nf3:} 21. f3 Bb7 22. a5 g4 {
and White is facing an uphill battle.}) 19. Rac1 $2 {Something must have gone
very wrong for MVL here; this move is not just bad in itself (in fact this
might well be the losing mistake), but also doesn't connect at all with 18.a4.}
(19. Qb5 $1 Qxb5 (19... Qxc3 20. Rac1 Qf6 21. f3) 20. axb5 Na5 {is about equal.
}) 19... g5 $1 20. Bd2 (20. Be3 Qf5 21. Bd4 Ne5 22. Bxe5 Rxe5 {Black is much
better here, without any counterplay.}) 20... Qf5 21. f3 (21. c4 Ne5 22. Rc3
Rd8 {is also quite sad.}) 21... Qc5+ 22. Kh1 Bd5 $5 {[%cal Gd5c4]} ({Of course,
Fabi was very tempted to play} 22... Bxf3+ {but things are not that simple:}
23. exf3 Qf2 24. Bg2 Re2 (24... Rd8 {the computer's way, but not easy to see,
of course}) 25. Rg1 Rxd2 (25... Ne5 26. Rcf1 Qc5 {another computer suggestion,
but clearly no human brain functions like this (Qc5-f2-c5, and all of this
piece down)}) 26. Qb5 Re6 27. f4 {That's what Fabi saw, and correctly assessed
as too messy.}) 23. Be1 (23. Qb5 Qf2 $1 {now this just wins.}) 23... Bc4 {
The end of days for White.} 24. e4 {That's what we expected 23 moves ago :)}
Bxf1 25. Bf2 Qc4 26. Rxf1 Qxa4 {White is a pawn down, and has more weaknesses.
The rest is just good technique.} 27. c4 Ne5 28. Bd4 g4 (28... Nd3 29. Qc2 Qxc2
30. Rxc2 Rd7 {would also be enough in a long run, but keeping queens is faster.
}) 29. fxg4 Qd7 30. Qc3 c5 31. Bxe5 Rxe5 32. Qf3 Rxe4 33. Rcd1 Qe6 34. g5 {
Desparation, but White's position is already beyond all hope.} (34. Kg1 Re2 35.
Rd5 Re1 36. Rxe1 Qxe1+ 37. Kg2 Qe2+ 38. Qxe2 Rxe2+ {is another way to go out.})
34... hxg5 35. Rd5 g4 36. Qc3 Re5 {Clearly, a very important win, that paved
Fabi's path to a clear first place in the tournament. Somehow this game
reminds me of Karpov's best years - maybe not very brilliant, but a lot of
very good moves :) Of course, White losing the thread on moves 18 and 19
helped a lot, but you can't be successful in chess without getting a little
bit of luck :)} 0-1

[Event "EU-Cup 14th Group4"]
[Site "Narva"]
[Date "1998.10.25"]
[Round "3"]
[White "Petursson, Margeir"]
[Black "Khalifman, Alexander"]
[Result "1/2-1/2"]
[WhiteElo "2550"]
[BlackElo "2645"]
[Annotator "Khalifman,A"]
[PlyCount "123"]
[EventDate "1998.10.23"]
[EventType "team-k.o."]
[EventRounds "3"]
[EventCountry "EST"]
[SourceTitle "EXT 2020"]
[Source "ChessBase"]
[SourceDate "2019.10.17"]
[SourceVersion "1"]
[SourceVersionDate "2019.10.17"]
[SourceQuality "1"]
[WhiteTeam "Reykjavikur Taflfelag"]
[BlackTeam "St Petersburg"]
[WhiteTeamCountry "ISL"]
[BlackTeamCountry "RUS"]

1. c4 Nf6 2. Nc3 e5 3. Nf3 Nc6 4. g3 Nd4 5. Bg2 (5. Nxe5 $2 Qe7 6. f4 d6 7. Nd3
Bf5 $36) 5... Nxf3+ 6. Bxf3 Bb4 (6... Bc5 7. O-O O-O 8. d3) 7. Qb3 (7. Qc2 O-O
8. O-O Re8 9. d3 c6 10. Bg5 h6 11. Bxf6 Qxf6 12. Ne4 Qg6 $13) 7... Bc5 (7... a5
8. O-O O-O 9. Rd1 (9. d3 Re8 10. Bg5 Bxc3 11. bxc3 $1 h6 12. Bxf6 Qxf6 13. c5
$14 {1/2-1/2 Lalic,B-Ristic,N/Metz 1995 (25)}) 9... d6 10. d4 exd4 11. Rxd4 Nd7
$6 12. Qc2 Ne5 13. Be4 $14 {Uhlmann,W-Gelfand,B Debrecen 1989 CBM/14 48/25}) 8.
O-O (8. d3 O-O 9. Bg5 h6 $11) (8. Na4 Be7 9. O-O O-O 10. Rd1 c6 11. Nc3 d6 12.
d4 Qc7 13. Qc2 Bh3 $1 (13... a5 14. b3 $14) 14. b3 h6 15. Bb2 Nh7 $11 {Gulko,
B-Nikolic,P/Polanica Zdroj 1996/Inf 67 (17)}) 8... O-O 9. d3 (9. Na4 Be7 10.
Rd1 c6 $1 (10... c5 11. d3 d6 12. Nc3 Re8 13. a3 Rb8 14. Qa2 Qd7 15. Nd5 Qh3
16. Nxf6+ Bxf6 17. Rb1 $14 {Miles,A-Sadler,M Oostende op 1991 EXP/26}) 11. d4
$5 (11. Nc3 d6 12. d4 Qc7 13. Qc2 Bh3 14. b3 h6 15. Bb2 Nh7 16. c5 Ng5 17. cxd6
Nxf3+ 18. exf3 {1/2-1/2 Gulko,B-Nikolic,P/Rubinstein mem 1996/CBM 55}) 11... e4
12. Bg2 d5 13. cxd5 cxd5 14. Bf4 b6 15. Nc3 Be6 16. Rac1 Qd7 17. Nb5 Rac8 18.
Nc7 h6 19. f3 Bd6 $13 {Serper,G-Aseev,K/St Petersburg op2/1994/EXP43/}) 9... h6
(9... a6 10. a3 d6 11. Bg2 $5 Rb8 12. Qc2 Be6 (12... h6 13. b4 $14) (12... b5
13. Bg5 $14) (12... Ba7 $5) 13. Bg5 $1 (13. b4 $6 Ba7 14. Bg5 h6 15. Bxf6 Qxf6
$11 {Skembris,S-Drasko,M/Jagodina 1994/Inf 61/[Skembris,S] (36)}) 13... h6 14.
Bxf6 Qxf6 15. Ne4 Qe7 16. Nxc5 dxc5 17. b4 $1 $14 {Damljanovic,B}) (9... c6 10.
Bg2 (10. Bg5 h6 11. Bxf6 Qxf6 12. Ne4 Qe7 13. Nxc5 Qxc5 $14) 10... Re8 11. Bd2
Bb6 (11... Bf8 $5) 12. Qc2 h6 13. Na4 Bc7 14. Rac1 $14 {1/2-1/2 Portisch,
L-Huebner,R/Abano Terme (m2) 1980 (38)}) 10. Na4 (10. Bd2 $5 Re8 11. Rac1 Rb8
12. Qa4 a6 13. b4 Bf8 14. b5 $14 {1/2-1/2 Hansen,C-Christiansen,L/Munich 1992/
CBM 30/[Ribli] (31)}) (10. Bg2 Re8 (10... c6 $5 11. h3 d5 $13) (10... d6 11.
Na4 Bb6 12. Bd2 Bg4 13. Nxb6 axb6 14. Rfe1 $14 {1/2-1/2 Ljubojevic,L-Van Wely,
L/Villarrobledo act 1998 (60)}) 11. h3 $5 (11. Qc2 c6 12. Rb1 Bf8 13. e4 a6 14.
b4 $14 {0-1 Liebert,H-Kalinitschew,S/Halle-B 1987 (27)}) 11... c6 12. Kh2 Qb6
13. Na4 $1 $14 {1-0 Hansen,C-Westerinen,H/VISA GP 1998/CBM 64/[Ribli] (41)}) (
10. e3 Re8 (10... a6 11. Rd1 $14 {1-0 Van Wely,L-Piket,J/Hoogovens 1997 (31)})
11. Rd1 Bf8 $11) 10... Be7 11. Be3 d6 (11... c6 12. c5 (12. Nc3 d6 {- game})
12... d5 13. cxd6 Bxd6 14. Rfc1 Qe7 $11 {Minasian,A-Nikolic,P/Erevan 1996/CBM
53/[Ribli]/0-1 (70)}) 12. Nc3 c6 13. d4 Qc7 14. d5 (14. dxe5 dxe5 15. Rad1 Be6
$11) (14. Rad1 Ng4 $5 15. Bc1 exd4 16. Rxd4 Ne5 17. Bg2 $13) 14... Bh3 15. Rfc1
$6 (15. Bg2 Bxg2 16. Kxg2 $11) 15... c5 $1 $15 16. Bd2 Nh7 17. Bg2 Bxg2 18.
Kxg2 f5 19. f3 Bg5 20. Qc2 (20. e3 h5 $5 (20... f4 $2 21. exf4 exf4 22. h4 $16)
21. h4 Bd8 $15) 20... Qd7 (20... Bxd2 $5) 21. Rh1 Rae8 (21... Bxd2 $5 22. Qxd2
Rae8 $15) 22. e3 $11 a6 23. a4 e4 24. f4 Bf6 25. h3 g5 26. Kh2 Kh8 27. Rhg1 Rg8
28. Raf1 gxf4 (28... g4 29. h4 b6 $11) 29. exf4 (29. gxf4 $5 $11) 29... Bd4 (
29... h5 30. Nd1 $11) 30. Rg2 h5 31. Qd1 Qf7 32. Ne2 (32. b3 Nf6 33. Ne2 h4 $36
) 32... Bxb2 $5 (32... Bg7 33. b4 b5 $13) 33. Nc3 Nf6 (33... Ba3 $2 34. Qa1 $18
) 34. Be1 $1 (34. Qb3 Bxc3 35. Bxc3 Re7 $15) 34... Ba3 35. Na2 b5 (35... Rg6
36. Qb3 Bb4 37. Nxb4 cxb4 38. Bxb4 $16) 36. axb5 (36. Bc3 b4 37. Bxf6+ Qxf6 38.
Qxh5+ Kg7 39. g4 Kf8 $15) 36... axb5 37. cxb5 Kh7 $1 (37... Qxd5 38. Bc3 Qf7
39. Qxd6 $16) (37... Nxd5 $2 38. Qb3 $18) (37... h4 38. g4 $1 $16) 38. Bc3 Nxd5
(38... Nd7 $13) 39. Qb3 Re7 (39... h4 40. Be1 $5 $16 (40. Qxa3 $2 Ne3 $17) (40.
Rd1 hxg3+ 41. Kh1 c4 42. Qxc4 $16)) 40. Qxa3 Ne3 41. Rfg1 Nxg2 42. Rxg2 h4 (
42... Rb7 $5 43. Qa4 d5 44. Be5 d4 $15) 43. Be1 hxg3+ 44. Bxg3 e3 (44... Ra7 $5
45. Qb2 d5 $13) 45. Nc1 (45. Nc3 Qc4 46. Qb2 d5 $15) 45... Qc4 46. Qb2 (46. b6
d5 $15) 46... Rg6 47. b6 Rb7 48. Ne2 d5 49. Qb1 (49. Qe5 Qe4 $17) 49... Qe4 50.
Qb5 $6 (50. Qxe4 $1 dxe4 (50... fxe4 51. Nc3 d4 52. Nxe4 c4 53. f5 Rgxb6 54.
Ng5+ Kg8 55. Ne6 $13) 51. Nc3 Rgxb6 52. Nd5 Rb3 53. Bh4 $13) 50... d4 $1 51.
Qxc5 d3 52. Nc3 Qe6 53. Nd5 $6 (53. Qd5 Qxd5 54. Nxd5 e2 55. Be1 Rd7 $17) (53.
Qb5 d2 54. Qe2 Rxb6 $17) 53... e2 $1 (53... d2 54. Nxe3 Qxe3 55. Qxe3 d1=Q $13)
54. Be1 (54. Qd4 Rbg7 55. b7 e1=Q 56. Nf6+ Rxf6 57. Bxe1 Rxg2+ 58. Kxg2 Rg6+
59. Bg3 Qe2+ 60. Qf2 Qxf2+ 61. Kxf2 Rb6 $19) 54... Rxg2+ 55. Kxg2 d2 $2 (55...
Rg7+ $1 56. Kh2 (56. Kf2 Qg6 $19) 56... d2 57. Bxd2 e1=Q 58. Bxe1 Qxe1 59. Qe3
(59. Nf6+ Kh6 60. Ng4+ fxg4 61. Qd6+ Kh7 62. Qd3+ Rg6 63. Qd7+ Kh6 $19) 59...
Qf1 60. Nf6+ Kh6 61. Ng4+ fxg4 62. f5+ Kh7 63. hxg4 Qd1 $19) 56. Bxd2 e1=Q 57.
Bxe1 Qxe1 58. Nc7 $1 (58. Nf6+ Kg6 $17) 58... Qe4+ 59. Kg3 Qe1+ (59... Rb8 60.
Ne6 $1 $11) 60. Kg2 Qe2+ 61. Kg3 Qe1+ 62. Kg2 1/2-1/2